Цифровой генератор амплитудно-модулированного и частотно-модулированного сигналов с микропроцессорным управлением; Приборы и техника эксперимента; № 2

Dades bibliogràfiques
Parent link:Приборы и техника эксперимента/ Российская академия наук.— , 1956-.— 0032-8162
№ 2.— 2003.— с. 160-161
Autor principal: Кузнецов Д. В.
Idioma:rus
Publicat: 2003
Col·lecció:Приборы, изготовленные в лабораториях
Matèries:
Format: MixedMaterials Capítol de llibre
KOHA link:https://koha.lib.tpu.ru/cgi-bin/koha/opac-detail.pl?biblionumber=427170

MARC

LEADER 00000naa2a2200000 4500
001 427170
005 20231101074626.0
035 |a (RuTPU)RU\TPU\prd\86294 
035 |a RU\TPU\prd\13297 
090 |a 427170 
100 |a 20100903a2003 k y0rusy50 ca 
101 0 |a rus 
102 |a RU 
200 1 |a Цифровой генератор амплитудно-модулированного и частотно-модулированного сигналов с микропроцессорным управлением  |f Д. В. Кузнецов 
225 1 |a Приборы, изготовленные в лабораториях 
320 |a Библиогр.: 1 назв. 
461 1 |0 (RuTPU)RU\TPU\prd\300  |x 0032-8162  |t Приборы и техника эксперимента  |f Российская академия наук  |d 1956- 
463 1 |0 (RuTPU)RU\TPU\prd\86261  |t № 2  |v с. 160-161  |d 2003 
610 1 |a цифровые генераторы 
610 1 |a сигналы 
610 1 |a микропроцессорное управление 
610 1 |a функциональные схемы 
675 |a 621.373.42:621.373.52  |v 3 
700 1 |a Кузнецов  |b Д. В. 
801 1 |a RU  |b 63413507  |c 20030505  |g PSBO 
801 2 |a RU  |b 63413507  |c 20100903  |g RCR 
942 |c BK